000 00491nam a2200193Ia 4500
005 20250923144811.0
008 008 250917s9999 xx 000 0 eng d
037 _aTextual
040 _aDSWL
_beng
_cDSWL
041 _aeng
_2eng
084 _qDSWL
245 0 _aCommunity development and economic development Part I
_cby United Nations
260 _aBangkok
_b.
_c1960
300 _ax,113p.
365 _aUSD
_b1
925 _g1
942 _cTEXL
999 _c1443498
_d1443498